| 000 | 01038nam a2200253 a 4500 | ||
|---|---|---|---|
| 001 | 79777 | ||
| 003 | BD-RjUL | ||
| 005 | 20220510122500.0 | ||
| 008 | 220510s2010 bg ||||| m||| 00| 0 eng d | ||
| 035 | _a(BD-RjUL)79777 | ||
| 040 |
_aBD-RjUL _beng _cBD-RjUL _dBD-RjUL |
||
| 041 | _aeng | ||
| 082 |
_a616.994 _bBAS 2010 _223 |
||
| 100 |
_aBasak, Ashesh _92886 |
||
| 245 | 0 | 1 |
_aStages of Development of Cancer and level of Awareness Among the Patients of Rajshahi Medical College Hospital, Bangladesh / _cAshesh Basak ; _6Supervisor : Md. Sadequl Arefin, Co-Supervisor : Md. Mahbub-ul Alam |
| 260 |
_aRajshahi : _bInstitute of bangladesh Studies, University of Rajshahi, _c2010 |
||
| 300 |
_axvii, 157 Leaves ; _c29 cm. |
||
| 502 | _aThsis (Ph. D.) -- Institute of bangladesh Studies, University of Rajshahi, 2010 | ||
| 504 | _aBinliography : Leaves [152]-157 | ||
| 650 |
_aDiseases _vStages _xAwareness _92891 |
||
| 700 |
_aArefin, Md. Sadequl, Supervisor _92887 |
||
| 700 |
_aAlam, Md. Mahbub-ul, Co-Supervisor _92888 |
||
| 942 |
_2ddc _cTHE |
||
| 999 |
_c79777 _d79777 |
||